000 00599nam a2200193Ia 4500
005 20250508151306.0
008 008 250505s9999 xx 000 0 eng d
037 _aTextual
040 _aFEDL
_beng
_cFEDL
041 _aeng
_2eng
084 _a375.1721, BRI
_qFEDL
100 _aBrimble L J F
_9154217
245 0 _aSocial studies and world citizenship: A sociological approach to education
260 _aLondon, UK
_bMacmillan and Co Limited
_c1943
300 _axii,157p.
700 _a May Frederick J
_9758799
942 _cTEXL
_h375.1721, BRI
999 _c1328879
_d1328879